00842nam a22002537a 45000010005000000030006000050050017000110080041000280200018000690400029000870500015001160820008001311000019001392450088001582600060002463000048003064900029003545050007003835200076003905210028004665210019004946500042005137000033005555732FISKH20250207112440.0250117b cb ||||| |||| 00| 0 eng d a9780965817080 aFISKHbengcFISKHdFISKH aPZ7.W5657  a451 aWheeler, Lisa  aFitch & Chip :bWhen pigs fly / cStory by Lisa, Wheeler ; Pictures by Frank Ansley aNew York : bAtheneum Books for Young Readers, c2003.  a48 pages : bcolor illustrations ; c23 cm  aReady to read vLevel 3  aG  aFitch and Chip learn that you do not have to wear a cape to be a hero. 8 a400 bLexile estimate 8 aG bRaz-Plus  aAnimal Stories vPicture Book Readers aAnsley, Frank dillustrator